Giáo trình tự động điều khiển /
Giới thiệu về lý thuyết điều khiển tự động; Mô tả toán học hệ tuyến tính liên tục; Khảo sát ổn định hệ tuyến tính liên tục; Khảo sát lại chất lượng của hệ tuyến tính liên tục; Tổng hợp hệ tuyến tính liên tục; Những vấn đề cơ bản; Khảo sát sự ổn định của hệ tuyến tính liên tục; Hệ tuyến tính gián đoạ...
Zapisane w:
| 1. autor: | |
|---|---|
| Format: | Książka |
| Język: | Vietnamese |
| Wydane: |
Hà Nội :
Giao thông vận tải,
1999.
|
| Hasła przedmiotowe: | |
| Etykiety: |
Dodaj etykietę
Nie ma etykietki, Dołącz pierwszą etykiete!
|
| Thư viện lưu trữ: | Mạng thư viện Đại học Đà Nẵng |
|---|
| LEADER | 01356cam a2200361 i 4500 | ||
|---|---|---|---|
| 001 | 000043517 | ||
| 003 | 1491 | ||
| 005 | 20030929135347.0 | ||
| 008 | 010217b1999 vm 000 vie | ||
| 020 | |c 45000 | ||
| 022 | |a T | ||
| 040 | |a IRC |c IRC |d IRC | ||
| 041 | 0 | |a vie | |
| 082 | 1 | 4 | |a 629.8 |b TR-S |
| 100 | 1 | |a Trần Sum. | |
| 245 | 0 | 0 | |a Giáo trình tự động điều khiển / |c Trần Sum. |
| 260 | |a Hà Nội : |b Giao thông vận tải, |c 1999. | ||
| 300 | |a 263tr. ; |c 29cm. | ||
| 520 | 3 | |a Giới thiệu về lý thuyết điều khiển tự động; Mô tả toán học hệ tuyến tính liên tục; Khảo sát ổn định hệ tuyến tính liên tục; Khảo sát lại chất lượng của hệ tuyến tính liên tục; Tổng hợp hệ tuyến tính liên tục; Những vấn đề cơ bản; Khảo sát sự ổn định của hệ tuyến tính liên tục; Hệ tuyến tính gián đoạn và hệ phi tuyến tính... | |
| 630 | 0 | 4 | |a Tự động hoá. |
| 630 | 0 | 4 | |a Điều khiển tự động. |
| 650 | 0 | 4 | |a Tự động hoá. |
| 650 | 0 | 4 | |a Điều khiển tự động. |
| OWN | |a DUT | ||
| 999 | |a From the UDN01 | ||
| TYP | |a Monograph | ||
| TYP | |a Printed language | ||
| 980 | |a Mạng thư viện Đại học Đà Nẵng | ||